Pokemony typu... #13 - Statystyki

Ogólne statystyki
  • Ten quiz został rozwiązany 57 razy
    53 od ostatniego zresetowania
  • Średni wynik to 34 z 85
Statystyki odpowiedzi
Pokemon % Poprawnych
Charizard
95%
Gigantamax Charizard
95%
Mega Charizard X
95%
Mega Charizard Y
95%
Charmander
90%
Charmeleon
76%
Arcanine
69%
Blaziken
67%
Growlithe
67%
Mega Blaziken
67%
Moltres
64%
Ponyta
64%
Torchic
64%
Vulpix
64%
Ninetales
62%
Rapidash
60%
Chimchar
57%
Cyndaquil
57%
Infernape
57%
Magmar
57%
Tepig
57%
Emboar
52%
Monferno
52%
Quilava
52%
Entei
50%
Flareon
50%
Slugma
50%
Combusken
48%
Fennekin
48%
Ho-Oh
48%
Magby
45%
Litten
43%
Pignite
43%
Camerupt
40%
Magcargo
40%
Magmortar
40%
Mega Camerupt
40%
Braixen
38%
Houndoom
38%
Incineroar
38%
Numel
38%
Litwick
36%
Torkoal
36%
Typhlosion
36%
Houndour
33%
Scorbunny
33%
Torracat
33%
Victini
33%
Heatran
31%
Larvesta
31%
Litleo
29%
Pierwotny Groudon
29%
Pyroar
29%
Raboot
29%
Talonflame
29%
Volcarona
29%
Chandelure
26%
Lampent
26%
Darumaka
24%
Fletchinder
24%
Heatmor
24%
Pansear
24%
Reshiram
24%
Rotom Ciepła
24%
Simisear
24%
Alolański Marowak
21%
Darmanitan (Tryb Standardowy)
21%
Darmanitan (Tryb Zen)
21%
Galariański Darmanitan (Tryb Zen)
21%
Salandit
21%
Blacephalon
19%
Salazzle
19%
Turtonator
19%
Centiskorch
17%
Gigantamax Centiskorch
17%
Sizzlipede
17%
Volcanion
17%
Coalossal
14%
Oricorio (Styl Baile)
14%
Castform (Słoneczna Forma)
12%
Gigantamax Coalossal
12%
Carkol
10%
Mega Houndoom
10%
Gigantamax Cinderace
7%
Delphlox
0%
Nie znaleziono quizów pasujących do podanych kryteriów
Rozkład punktacji
Procent ludzi z każdym wynikiem
Percentyl według liczby udzielonych odpowiedzi
Twoja historia wyników
Nie rozwiązałeś tego quizu od ostatniego zresetowania